000 00629nam a2200253Ia 4500
003 LK-CoDNM
005 20240821110115.0
008 010623t1881 xxu||||| |||| 00| 1 eng d
040 _aLK-CoDNM
_dLK-CoDNM
_eLK-CoDNM
041 _aeng
080 _a7
_bJ10
100 _aBurgess,Jas
245 _aThe Indian Antiquary.A Journal of Oriental Research
260 _bEducation Society
_aByculla
_c1881
300 _b389p. : iil ; 28 cm
650 _aArcheology
650 _aFolklore
650 _aHistory
650 _aLanguages
650 _aLiterature
650 _aPhilosophy
650 _aReligion
942 _cBK
999 _c82321
_d82321